000 00224nam a22000857a 4500
008 160630b xxu||||| |||| 00| 0 eng d
100 _91607
_a Dreamland Publication
245 _aSinbad the Sailor
260 _a Dreamland
_bM/S Arya
999 _c1332
_d1332